Algunas prácticas complementarias a la comercialización en las ferias del agricultor y aspectos por mejorar desde la perspectiva de sus grupos productores/
Guardado en:
| 主要作者: | |
|---|---|
| 其他作者: | |
| 格式: | 圖書 |
| 語言: | Spanish |
| 標簽: |
添加標簽
沒有標簽, 成為第一個標記此記錄!
|
MARC
| LEADER | 00000nam a22000007a 4500 | ||
|---|---|---|---|
| 003 | cru CIDCACS/IIS | ||
| 005 | 20200925161342.0 | ||
| 007 | ta | ||
| 008 | 170503s2016 cr ||||| |||| 00| 0 spa d | ||
| 040 | |c CRAI/IIS |a CRAI/IIS | ||
| 100 | 1 | |9 4449 |a Jensen, Melissa | |
| 245 | 1 | |a Algunas prácticas complementarias a la comercialización en las ferias del agricultor y aspectos por mejorar desde la perspectiva de sus grupos productores/ |c Melissa Jensen, Marianela Zúñiga Escobar | |
| 300 | |a páginas 57-73 : |b tablas | ||
| 700 | 1 | |9 4448 |a Zúñiga Escobar, Marianela | |
| 773 | 0 | |0 19251 |9 695 |a Universidad Nacional de Costa Rica. |d Heredia, Costa Rica UNA; EUNA |o R19099 |t Perspectivas Rurales / | |
| 942 | |2 ddc |c PP | ||
| 999 | |c 19256 |d 19256 | ||
